| 000 | 00793nam a22002537a 4500 | ||
|---|---|---|---|
| 005 | 20170123162304.0 | ||
| 010 | _aB-080827 | ||
| 020 |
_c200.00 _a8187231548 |
||
| 035 | _aB-080827 | ||
| 037 | _bCen Lib/Ret | ||
| 040 |
_aDPL _bUR |
||
| 082 |
_aن _bر ف ع |
||
| 100 |
_aر فعت سدوش _9108836 |
||
| 245 |
_aشہر نگران / _cر فعت سدوش |
||
| 246 |
_aShahar nigaran / _bby Rifat Nigaran |
||
| 260 |
_aدہلی _bتخلیقکار پبلشرس _c2004 |
||
| 270 |
_bدہلی _e110092 _a104/B- یاور منزل ١ بلاک لکشمی نگر |
||
| 300 |
_a252p. _c21cm(Hb) |
||
| 650 |
_aاردو ادب _9108837 |
||
| 650 |
_aاردو ناول _9547 |
||
| 650 |
_aUrdu literature _9108838 |
||
| 650 |
_aUrdu novel _9108839 |
||
| 942 |
_2ddc _cUR _hن _mر ف ع |
||
| 999 |
_c106192 _d106192 |
||